Measuring the Informal Economy /

This paper proposes a framework for measuring the informal economy that is consistent with internationally agreed concepts and methodology for measuring GDP. Based on the proposed framework, the informal economy 'comprises production of informal sector units, production of goods for own final u...

وصف كامل

التفاصيل البيبلوغرافية
المؤلف الرئيسي: Quiros-Romero, Gabriel
مؤلفون آخرون: Alexander, Thomas, Ribarsky, Jennifer
التنسيق: دورية
اللغة:English
منشور في: Washington, D.C. : International Monetary Fund, 2021.
سلاسل:Policy Papers; Policy Paper ; No. 2021/002
الوصول للمادة أونلاين:Full text available on IMF
LEADER 01634cas a2200265 a 4500
001 AALejournalIMF021497
008 230101c9999 xx r poo 0 0eng d
020 |c 5.00 USD 
020 |z 9781513568249 
022 |a 2663-3493 
040 |a BD-DhAAL  |c BD-DhAAL 
100 1 |a Quiros-Romero, Gabriel. 
245 1 0 |a Measuring the Informal Economy /  |c Gabriel Quiros-Romero, Thomas Alexander, Jennifer Ribarsky. 
264 1 |a Washington, D.C. :  |b International Monetary Fund,  |c 2021. 
300 |a 1 online resource (38 pages) 
490 1 |a Policy Papers 
500 |a <strong>Off-Campus Access:</strong> No User ID or Password Required 
500 |a <strong>On-Campus Access:</strong> No User ID or Password Required 
506 |a Electronic access restricted to authorized BRAC University faculty, staff and students 
520 3 |a This paper proposes a framework for measuring the informal economy that is consistent with internationally agreed concepts and methodology for measuring GDP. Based on the proposed framework, the informal economy 'comprises production of informal sector units, production of goods for own final use, production of domestic workers, and production generated by informal employment in formal enterprises.' This proposed framework will facilitate preparation of estimates of the informal economy as a component of GDP. 
538 |a Mode of access: Internet 
700 1 |a Alexander, Thomas. 
700 1 |a Ribarsky, Jennifer. 
830 0 |a Policy Papers; Policy Paper ;  |v No. 2021/002 
856 4 0 |z Full text available on IMF  |u http://elibrary.imf.org/view/journals/007/2021/002/007.2021.issue-002-en.xml  |z IMF e-Library